| 000 | 00826nam a2200241 i 4500 | ||
|---|---|---|---|
| 001 | 168837 | ||
| 003 | ES-MaACL | ||
| 005 | 20250812062528.0 | ||
| 008 | 080613s1952 sp f |||| | spa d | ||
| 080 | _a33 | ||
| 100 | 1 |
_aSchueller, Eugene. _9137961 |
|
| 245 | 1 | 4 |
_aUna nueva organización económica / _cEugene Schueller. |
| 260 |
_aMadrid : _bAteneo, _c1952. |
||
| 300 |
_a38 p. : _b1 lám. ; _c19 cm. |
||
| 490 | 1 |
_aColección "O crece o muere" ; _v16 |
|
| 594 | _aEl original fue dado a conocer por el autor en el Ateneo de Madrid, el 24 de abril de 1951. | ||
| 610 | 2 | 7 |
_aAteneo de Madrid- _vConferencias- _y1940-1982. _91908 |
| 650 | 0 | 7 |
_aEconomía _2embne _912006 |
| 830 | 0 | 0 |
_aColección "O crece o muere" _v16 _9183476 |
| 852 |
_aES-MaACL _jJ-24 (16) |
||
| 852 |
_aES-MaACL _jJ-25 (16) |
||
| 999 |
_c168837 _d168837 |
||